Word Ladder: Ski Machinery Quiz Stats

 Plays Quiz Updated Oct 16, 2017

Challenge
Share
Tweet
Embed
Score 0/14 Timer 01:30
1 Play Today
Clue 4-Letter Word % Correct
• Pronged eating utensil ••FORK•
98.7%
Earth's centerCORE
98.4%
'I double-dog ___ you!'DARE
96.6%
Substance banned from inside of MLB batsCORK
95%
Supervision or concernCARE
94.5%
You only get one, so don't waste itLIFE
93.2%
• To raise up with effort ••LIFT•
90.5%
Clue 4-Letter Word % Correct
FinalLAST
88.1%
Italy's pre-Euro currencyLIRE
87.9%
Very seriousDIRE
87.6%
A young Scottish woman, perhapsLASS
86.8%
• Route over a mountain range ••PASS•
83.8%
Le Guin novel: 'The ___ Hand of Darkness'LEFT
80.7%
For fear thatLEST
79.1%

Today's Daily Dose

You're not logged in!

Compare scores with friends on all Sporcle quizzes.
OR
Log In

You Might Also Like...

Show Comments

Extras

Top Quizzes Today


Score Distribution

Your Account Isn't Verified!

In order to create a playlist on Sporcle, you need to verify the email address you used during registration. Go to your Sporcle Settings to finish the process.

Report this User

Report this user for behavior that violates our Community Guidelines.

Details: